Statistiques concernant Matières obligatoires au collège

Cliquez ici pour prendre le quiz!

Statistiques générales

  • Ce quiz a été pris 604 fois
  • Le résultat moyen est 11 sur 12

Statistiques - réponses

Matières% Correct
Anglais
99%
Français
99%
Mathématiques
98%
Histoire - Géographie - Enseignement Moral et Civique
96%
Physique - Chimie
95%
Éducation Physique et Sportive
94%
Sciences de la Vie et de la Terre
93%
Espagnol
89%
Allemand
88%
Éducation musicale
87%
Technologie
80%
Arts plastiques
66%

Distribution des résultats

Percentile par nombre de réponses

% des personnes avec chaque résultat

Votre développement - résultats

Vous n’avez pas pris ce quiz